000 00405nam a2200157Ia 4500
005 20240719022108.0
008 240331s9999 xx 000 0 und d
020 _a9780415484480
082 _bMAN
_a271
100 _aMani,L
245 0 _aSacredsecular
_bContemplative Cultural Critique
_cLata Mani
260 _a New Delhi
_bRoutledge
_c2009
300 _ax, 223 p .,
650 _aCulture
942 _cL
999 _c5683
_d5683